Tâm lí học quản trị kinh doanh

Sách bước đầu giới thiệu với bạn đọc một số kiến thức về tâm lí học cá nhân, hiện tượng tâm lí học xã hội, tâm lí học đám đông, tâm lí học lãnh đạo... Cho nên tựa đề sách chỉ mang tính chất thương mại....

وصف كامل

محفوظ في:
التفاصيل البيبلوغرافية
المؤلف الرئيسي: Nguyễn Thị Thu Hiền
التنسيق: كتاب
اللغة:Undetermined
منشور في: Hà Nội Thống kê 2000
الموضوعات:
الوسوم: إضافة وسم
لا توجد وسوم, كن أول من يضع وسما على هذه التسجيلة!
Thư viện lưu trữ: Trung tâm Học liệu Trường Đại học Cần Thơ
LEADER 00843nam a2200181Ia 4500
001 CTU_40590
008 210402s9999 xx 000 0 und d
082 |a 158.1 
082 |b H305 
100 |a Nguyễn Thị Thu Hiền 
245 0 |a Tâm lí học quản trị kinh doanh 
245 0 |c Nguyễn Thị Thu Hiền 
260 |a Hà Nội 
260 |b Thống kê 
260 |c 2000 
520 |a Sách bước đầu giới thiệu với bạn đọc một số kiến thức về tâm lí học cá nhân, hiện tượng tâm lí học xã hội, tâm lí học đám đông, tâm lí học lãnh đạo... Cho nên tựa đề sách chỉ mang tính chất thương mại. 
650 |a psychology, applied 
980 |a Trung tâm Học liệu Trường Đại học Cần Thơ